Normal view MARC view

Entry Geographic Name

Number of records used in: 3

001 - CONTROL NUMBER

  • control field: 37987

003 - CONTROL NUMBER IDENTIFIER

  • control field: dpl

005 - DATE AND TIME OF LATEST TRANSACTION

  • control field: 20120103143726.0

008 - FIXED-LENGTH DATA ELEMENTS

  • fixed length control field: 120103|||a|||||| | ||| d

040 ## - CATALOGING SOURCE

  • Original cataloging agency: dpl
  • Transcribing agency: dpl

151 ## - HEADING--GEOGRAPHIC NAME

  • Geographic name: Punjab (India)
  • General subdivision: Politics and government
  • Chronological subdivision: 20th century.

670 ## - SOURCE DATA FOUND

  • Source citation: Work cat.: (dpl)0: Bhupinder Singh 37986, Punjab politics :, 2010

670 ## - SOURCE DATA FOUND

  • Source citation: Work cat.: (dpl)0: Bhupinder Singh 37986, Punjab politics :, 2010

© Delhi Public Library
Hit Counter
free hit counter